Ethical and professional issues in nursing : (Record no. 20825)
[ view plain ]
| 000 -LEADER | |
|---|---|
| fixed length control field | 00449nam a2200157 a 4500 |
| 005 - DATE AND TIME OF LATEST TRANSACTION | |
| control field | 20140310183254.0 |
| 008 - FIXED-LENGTH DATA ELEMENTS--GENERAL INFORMATION | |
| fixed length control field | 041027s19uu xx 00 eng d |
| 050 ## - LIBRARY OF CONGRESS CALL NUMBER | |
| Classification number | RT 10 |
| Item number | .Et84 2004 |
| 245 ## - TITLE STATEMENT | |
| Title | Ethical and professional issues in nursing : |
| Remainder of title | perspectives from Europe. |
| 300 ## - PHYSICAL DESCRIPTION | |
| Extent | 197 p. : |
| Dimensions | 23 cm. |
| 521 ## - TARGET AUDIENCE NOTE | |
| Target audience note | |
| 650 ## - SUBJECT ADDED ENTRY--TOPICAL TERM | |
| Topical term or geographic name as entry element | Nursing ethics |
| General subdivision | Europe |
| -- | Case studies |
| 650 ## - SUBJECT ADDED ENTRY--TOPICAL TERM | |
| Topical term or geographic name as entry element | Nursing ethics. |
| 942 ## - ADDED ENTRY ELEMENTS (KOHA) | |
| Koha item type | Books |
| Source of classification or shelving scheme | Library of Congress Classification |
| Call number prefix | Foreign |
| Withdrawn status | Lost status | Source of classification or shelving scheme | Damaged status | Home library | Current library | Shelving location | Date acquired | Source of acquisition | Cost, normal purchase price | Total Checkouts | Full call number | Barcode | Date last seen | Copy number | Price effective from | Koha item type |
|---|---|---|---|---|---|---|---|---|---|---|---|---|---|---|---|---|
| Library of Congress Classification | College Library | College Library | General Circulation Section | 10/27/2004 | 2696.00 | RT 10 .Et84 2004 | C5414 | 05/15/2018 | 1 | 10/10/2013 | Books |